00980 a2200217 4500003000500000005001700005010001600022020001500038040000900053082001400062100002900076245007600105260006500181300003300246505028300279650002300562650002000585942001200605999001900617952012600636Nust20230102130715.0 a 85019270 a0135902908 cNust00a629.8,BOR1 aBorrie, John A.,910661610aModern control systems :ba manual of design methods /cJohn A. Borrie. aEnglewood Cliffs, NJ :bPrentice-Hall International,cc1986. axi, 320 p. :bill. ;c23 cm. aBasic Definitions and Mathematical Techniques (Page-1), Classical Techniques for Continuous and Discrete Time Systems (Page-71), Continuous Time State Space Design Techniques (Page-142), Discrete Time State Space System Models (Page-215), Useful Computer Techniques (Page-257).  0aAutomatic control. 0aControl theory. 2ddccBK c183919d183919 00102ddc4070aMCSbMCScGENd2016-12-12o629.8312,BORpMCS21534r2016-12-08w2016-12-12yBKzAlmirah No.41, Shelf No.6